LEADER 04713nam 2201297 a 450 001 9910781212603321 005 20230126204050.0 010 $a1-283-27789-1 010 $a9786613277893 010 $a0-520-94878-5 024 7 $a10.1525/9780520948785 035 $a(CKB)2550000000039992 035 $a(EBL)730025 035 $a(SSID)ssj0000542812 035 $a(PQKBManifestationID)11332691 035 $a(PQKBTitleCode)TC0000542812 035 $a(PQKBWorkID)10518673 035 $a(PQKB)11486361 035 $a(MiAaPQ)EBC730025 035 $a(MdBmJHUP)muse30858 035 $a(OCoLC)739051457 035 $a(DE-B1597)519052 035 $a(OCoLC)750183116 035 $a(DE-B1597)9780520948785 035 $a(Au-PeEL)EBL730025 035 $a(CaPaEBR)ebr10482130 035 $a(CaONFJC)MIL327789 035 $a(EXLCZ)992550000000039992 100 $a20110211d2011 uy 0 101 0 $aeng 135 $aur|n|---||||| 181 $ctxt 182 $cc 183 $acr 200 10$aYear of the locust$b[electronic resource] $ea soldier's diary and the erasure of Palestine's Ottoman past /$fSalim Tamari 210 $aBerkeley $cUniversity of California Press$dc2011 215 $a1 online resource (213 p.) 300 $aDescription based upon print version of record. 311 $a0-520-28750-9 311 $a0-520-25955-6 320 $aIncludes bibliographical references and index. 327 $tFrontmatter -- $tContents -- $tFigures -- $tAcknowledgments -- $tThe Erasure of Ottoman Palestine -- $tThe Diary of Ihsan Turjman -- $tNotes -- $tIndex 330 $aYear of the Locust captures in page-turning detail the end of the Ottoman world and a pivotal moment in Palestinian history. In the diaries of Ihsan Hasan al-Turjman (1893-1917), the first ordinary recruit to describe World War I from the Arab side, we follow the misadventures of an Ottoman soldier stationed in Jerusalem. There he occupied himself by dreaming about his future and using family connections to avoid being sent to the Suez. His diaries draw a unique picture of daily life in the besieged city, bringing into sharp focus its communitarian alleys and obliterated neighborhoods, the ongoing political debates, and, most vividly, the voices from its streets-soldiers, peddlers, prostitutes, and vagabonds. Salim Tamari's indispensable introduction places the diary in its local, regional, and imperial contexts while deftly revising conventional wisdom on the disintegration of the Ottoman Empire. 606 $aWorld War, 1914-1918$zPalestine 606 $aWorld War, 1914-1918$zJerusalem 606 $aWorld War, 1914-1918$xCampaigns$zMiddle East 606 $aWorld War, 1914-1918$vPersonal narratives, Turkish 606 $aSoldiers$zJerusalem$vDiaries 606 $aTurks$zJerusalem$vDiaries 607 $aJerusalem$xHistory, Military$y20th century 607 $aJerusalem$xSocial conditions$y20th century 610 $aarab soldier. 610 $aarab world. 610 $aarab. 610 $aautobiography. 610 $abiography. 610 $abombs. 610 $aconscripted soldier. 610 $adiary. 610 $aempire. 610 $agender. 610 $ahistory. 610 $aihsan hasan al turjman. 610 $aimperialism. 610 $ajerusalem. 610 $ajournal. 610 $amashriq. 610 $amemoir. 610 $amiddle east. 610 $amilitary service. 610 $amilitary. 610 $amongolia. 610 $anationalism. 610 $anonfiction. 610 $aottoman empire. 610 $aottoman soldier. 610 $apalestine. 610 $apalestinian history. 610 $apalestinian mandate. 610 $apartition. 610 $apolitics. 610 $apow camp. 610 $aprisoner of war. 610 $aregional politics. 610 $arussia. 610 $aseige. 610 $asiberia. 610 $asoldier. 610 $asuez. 610 $aturkey. 610 $aveteran. 610 $awar. 610 $aworld war one. 610 $aww1. 615 0$aWorld War, 1914-1918 615 0$aWorld War, 1914-1918 615 0$aWorld War, 1914-1918$xCampaigns 615 0$aWorld War, 1914-1918 615 0$aSoldiers 615 0$aTurks 676 $a940.4/15092 676 $aB 700 $aTama?ri?$b Sali?m$01028974 702 $aTurjman$b Ihsan Salih, $4aut$4http://id.loc.gov/vocabulary/relators/aut 801 0$bMiAaPQ 801 1$bMiAaPQ 801 2$bMiAaPQ 906 $aBOOK 912 $a9910781212603321 996 $aYear of the locust$93757275 997 $aUNINA LEADER 03595oam 2200697 c 450 001 9910563057303321 005 20260129182628.0 024 7 $a10.3726/b12701 035 $a(CKB)4340000000238938 035 $a(oapen)https://directory.doabooks.org/handle/20.500.12854/30657 035 $a(PH02)9783954790210 035 $a(MiAaPQ)EBC31203514 035 $a(oapen)doab30657 035 $a(EXLCZ)994340000000238938 100 $a20240525d2003 uy 0 101 0 $ager 135 $aurnnunnnannuu 181 $ctxt$2rdacontent 182 $cc$2rdamedia 183 $acr$2rdacarrier 200 14$aEin Meisterwerk im Zwielicht$eIvan Bunins narrative Kurzprosaverknüpfung "Temnye allei" zwischen Akzeptanz und Ablehnung - eine Genrestudie$fHella Reese 205 $a1st, New ed. 210 $aFrankfurt a.M$cPH02$d2003 215 $a1 online resource (411 p.)$c, EPDF 225 0 $aSlavistische Beitra?ge$v424 300 $aPeter Lang GmbH, Internationaler Verlag der Wissenschaften 311 08$a3-95479-021-1 327 $aZUR VERKNU?PFUNG VON NARRATIVER KURZPROSA - DIE ENTSTEHUNGS GESCHICHTE DER SPA?TEN ERZA?HLUNGEN - EXTRATEXTLICHE VERKNU?PFUNGEN: DER A?USSERE AUFBAU DER TEMNYE ALLEI - INTRATEXTLICHE VERKNU?PFUNGEN IN DEN TEMNYE ALLEI (I): STRUKTUR - INTRATEXTLICHE VERKNU?PFUNGEN IN DEN TEMNYE ALLEI (I): STIL - DIE ZENTRALEN FIGUREN DER TEMNYE ALLEI - DIE ZENTRALEN THEMENKREISE: LIEBE - TOD - ERINNERUNG - DIE REZEPTIONSGESCHICHTE: DIE TEMNYE ALLEI IM KREUZFEUER DER KRITIK 330 $aIvan Bunins hohe Meinung von seinem Erza?hlband "Temnye allei" (Paris, 1946) wurde nur selten geteilt. Im Blickfeld der Leser stand allzu ha?ufig die erotische Thematik - die diesbezu?gliche Kritik beeintra?chtigte eine unvoreingenommene Rezeption des Buches, dessen Koha?renz nur vereinzelt wahrgenommen wurde. Geku?rzte Editionen versta?rkten in der Folge diesen Effekt. Die Studie betrachtet die "Temnye allei" erstmals im Wirkungsgeflecht a?ußerer Bedingungen und ku?nstlerischer Intention, unter Beru?cksichtigung aller zeitgleich entstandenen, teilweise bis heute unvero?ffentlichten Erza?hlungen. Im Mittelpunkt steht die Bestimmung der Genrezugeho?rigkeit des Buches auf Basis der extra- und intratextlichen Verknu?pfungen wie Struktur, Stil und der zentralen Themenkreise Liebe, Tod und Erinnerung. Wa?hrend ein Blick auf die bewegte Entstehungsgeschichte Ru?ckschlu?sse auf die geplante Anlage des Buches erlaubt, erhellt die kritische Auseinandersetzung mit der Editions- und Rezeptionsgeschichte die unterschiedlichsten Akzeptanzprobleme bei der Wahrnehmung des Buches als Kurzprosaverknu?pfung - und als Meisterwerk Bunins. 517 $aMeisterwerk im Zwielicht 606 $aProse: non-fiction$2bicssc 610 $aLove 610 $adeath 610 $amemory 610 $aAblehnung 610 $aAkzeptanz 610 $aallei 610 $aBunins 610 $adie Funktion der Schauplätze 610 $aeine 610 $aExilliteratur 610 $aGenrestudie 610 $aIvan 610 $aKurzprosaverknüpfung 610 $aLiebe und Erotik 610 $aMeisterwerk 610 $anarrative 610 $aRealismus 610 $aReese 610 $aRezeptionsgeschichte 610 $aTemnye 610 $aZwielicht 610 $azwischen 615 7$aProse: non-fiction 700 $aReese$b Hella$4aut$01292569 801 0$bPH02 801 1$bPH02 906 $aBOOK 912 $a9910563057303321 996 $aEin Meisterwerk im Zwielicht$93022407 997 $aUNINA